Horse whispers : (Record no. 3755)

MARC details
000 -LEADER
fixed length control field 01557cam a22002653a 4500
005 - DATE AND TIME OF LATEST TRANSACTION
control field 20240509145417.0
020 ## - INTERNATIONAL STANDARD BOOK NUMBER
International Standard Book Number 0553486241
040 ## - CATALOGING SOURCE
Original cataloging agency IHI
Transcribing agency IHI
Modifying agency SLC
-- OCL
-- DLC
Language of cataloging eng
050 00 - LIBRARY OF CONGRESS CALL NUMBER
Classification number PZ7.B8344
082 ## - DEWEY DECIMAL CLASSIFICATION NUMBER
Classification number 074
100 1# - MAIN ENTRY--PERSONAL NAME
Personal name Bryant, Bonnie
245 10 - TITLE STATEMENT
Title Horse whispers :
Statement of responsibility, etc. Bonnie Bryant.
Remainder of title Listen with your heart /
260 ## - PUBLICATION, DISTRIBUTION, ETC.
Place of publication, distribution, etc. New York :
Name of publisher, distributor, etc. Bantam,
Date of publication, distribution, etc. 1998
300 ## - PHYSICAL DESCRIPTION
Extent 136 pages :
Dimensions 20 cm.
Other physical details illustrations ;
490 ## - SERIES STATEMENT
Series statement Saddle Club
Volume/sequential designation Book 74
505 ## - FORMATTED CONTENTS NOTE
Formatted contents note O <br/>
520 ## - SUMMARY, ETC.
Summary, etc. The Saddle Club is spending February vacation with the Devines at the Bar None Ranch. Colonel Devine has just bought some new horses and one of the mares reminds Carole of Cobalt, the first horse she really loved. Carole rides the mare and discovers that, while the mare has been trained, there is still something wild in her. Then the mare runs away. The Saddle Club finds her running with a herd of wild horses that lives on the Bar None land. They bring the mare back. She runs away again. They bring her back again, only to have her run away once more. Eventually, The Saddle Club and the Devines must face the fact that the mare wants to be in the wild--and that she belongs there. Carole's encounter with this free spirit teaches her something about herself, too. She has a very special talent--she's a natural horse whisperer.
521 0# - TARGET AUDIENCE NOTE
Target audience note 640 <br/>
Source Lexile <br/>
521 1# - TARGET AUDIENCE NOTE
Target audience note O <br/>
Source Raz-Plus <br/>
650 #0 - SUBJECT ADDED ENTRY--TOPICAL TERM
Topical term or geographic name entry element Horses
Form subdivision Fiction.
655 #7 - INDEX TERM--GENRE/FORM
Genre/form data or focus term Young adult fiction.
Source of term lcsh
906 ## - LOCAL DATA ELEMENT F, LDF (RLIN)
a 7
b cbc
c copycat
d 2
e ncip
f 19
g y-genrareb
942 ## - ADDED ENTRY ELEMENTS (KOHA)
Source of classification or shelving scheme Dewey Decimal Classification
Koha item type Books
Suppress in OPAC No
999 ## -
-- 3755
-- 3755
Holdings
Withdrawn status Lost status Source of classification or shelving scheme Damaged status Not for loan Collection Home library Current library Shelving location Date acquired Total Checkouts Full call number Barcode Date last seen Price effective from Koha item type
    Dewey Decimal Classification     Fiction Footprints International School Library Network Toul Kork Campus Footprints International School Library Network Toul Kork Campus   04/29/2024   BRY 074 PZ7.B8344 FISSE02572 04/29/2024 04/29/2024 Books